000 00436nam a2200193Ia 4500
005 20240823025356.0
008 240823s9999||||xx |||||||||||||| ||und||
020 _a87-81-203-4521-8
041 _aENGLISH
082 _A620.106 Q0
100 _aSawhney G S
245 0 _aEngineering Mechanics
250 _a2nd
260 _c2010
_b#VALUE!
500 _aYES
650 _aMachanics
_bMechanical
942 _cBK
999 _c186169
_d186169